000 00536nam a2200193Ia 4500
005 20250326140742.0
008 250326s9999 xx 000 0 und d
037 _aTextbook
040 _aFMSL
_beng
_cFMSL
041 _aeng
_2eng
084 _aX:51 Q0
_qFMSL
100 _aSheehan B
_9742980
245 0 _aBasics marketing02 online marketing
_cSheehan B
260 _aSwitzerland
_bSwitzerland, AVA
_c2010
365 _b1794.4124999999999
650 _aManagement
942 _cTB
_hX:51 Q0
999 _c1287135
_d1287135